| 000 | 00498cam a2200181ua 4500 | ||
|---|---|---|---|
| 020 | _cRs 4.00 | ||
| 041 |
_amal _h |
||
| 082 |
_a894.812 308 _bPOL/OR |
||
| 100 | _aPolevoi, Boris . | ||
| 245 |
_aOru yadhartha manushyante katha, Part 1 / _cBoris Polevoi. _hTextual Documents |
||
| 250 |
_a1 / _b. |
||
| 260 |
_aEranakulam : _bCentre for international culture and co-operation , _c1960. |
||
| 300 | _a353 ; . | ||
| 365 | _aRs 4.00 | ||
| 504 | _a | ||
| 942 | _cBK | ||
| 999 |
_c4099 _d4099 |
||